000 00510nam a2200217Ia 4500
003 OSt
005 20221005122426.0
006 a|||||r|||| 00| 0
007 ta
008 221004b |||||||| |||| 00| 0 eng d
024 _a116798
037 _cTextual
040 _aCRL
_cCRL
_beng
041 _2eng
_aeng
100 _aVirdi Jasvant singh
_9631962
245 0 _aJindagi
260 _c1976
650 _aPUNJABI LITERATURE
942 _cTEXL
_2cc
999 _c1044253
_d1044253